| 000 | 00661nam a2200229 u 4500 | ||
|---|---|---|---|
| 005 | 20240522063651.0 | ||
| 008 | 150604s2005 es r 000 0 spa d | ||
| 020 | _a8433019899 | ||
| 020 | _a8497262816 | ||
| 035 | _aUPN01000204091 | ||
| 049 | _aI | ||
| 050 | 4 |
_aHQ789 _bH4.34 |
|
| 100 | 1 |
_aHerrera Patiño, Gladys _935753 |
|
| 245 | 1 | 0 |
_aDigan lo que digan / _cGladys Herrera Patiño ; il. Kaia. |
| 260 |
_aMadrid : _bDesclée, _cc2005. |
||
| 300 |
_a[32] p. : _bil. col. |
||
| 440 | 0 | _aCuentos para conversar | |
| 650 | 4 |
_aDerechos de los niños _94862 |
|
| 650 | 7 |
_aLibros ilustrados para niños _2 _921365 |
|
| 905 | _aInfantil | ||
| 999 |
_c176192 _d176192 |
||